000 00593nam a22002297a 4500
003 OSt
005 20171213140227.0
008 171213b xxu||||| |||| 00| 0 eng d
020 _a1292088729
020 _a9781292088723
040 _cDDC
082 _a620.1 HIB 2017
100 _aHibbeler, R.C.
_912293
245 _aEngineering Mechanics Dynamics
250 _a14th ed.
260 _aHoboken; Pearson, 2017
300 _axxv,762p; col.ill: 24cm
504 _aAnswers, & index included
650 _aEngineering mechanics
_912294
650 _aDynamics
_94401
942 _2z
_cO_SHELF
999 _c5918
_d5918